000
00331nam a2200133Ia 4500
008
240624s9999 xx 000 0 und d
041
_a
eng
082
_a
332 JAC
100
_a
JACOB FLORIAN
245
_a
RISK ESTIMATION ON HIGH FREQUENCY FINANC
260
_c
2015
_a
Germany
_b
Springer
300
_a
70p. ;23cm
365
_c
ERU
_b
33
999
_c
32739
_d
32739